| 000 | 00699nam a22002057a 4500 | ||
|---|---|---|---|
| 005 | 20220601130341.0 | ||
| 008 | 220601b ||||| |||| 00| 0 eng d | ||
| 040 | _cAL | ||
| 041 | _aEnglish | ||
| 082 |
_223 _a954.035 _bAMBB |
||
| 100 |
_aBabasaheb Ambedkar _939923 |
||
| 245 | _aBabasaheb Ambedkar Writings and Speeches Vol 11 | ||
| 260 |
_aBombay _bEducation Department Government of Maharashtra _c1992 |
||
| 300 |
_a591 p. _bHB _c25x15 cm. |
||
| 365 |
_c₹ _d₹70.00 |
||
| 520 | _aThis book include the whole story of buddha and how it is differ from religious aspects in world. | ||
| 650 |
_aThe Buddha and his Dhamma _939924 |
||
| 700 |
_aAMBEDKAR (Babasaheb) _939925 |
||
| 942 |
_2ddc _cGF |
||
| 999 |
_c223185 _d223185 |
||